000 00628nam a2200169 i 4500
001 61180
003 ES-MaACL
005 20230906164406.0
007 t|
008 031111s1952 sp ||||1| spa d
245 0 4 _aLos E.E.U.U. de Norteamérica
_b: una revolución permanente /
_cpor los redactores de la Revista Fortune ; con la colaboración de Russel W. Davenport ; traducido del inglés por Pedro Bravo Gala.
260 _aMadrid :
_bAguilar,
_c[1952] (
_fHalar)
300 _aXVI, 234 p. ;
_c22 cm.
700 1 _aDavenport, Russel W.
_942862
700 1 _aBravo Gala, Pedro.
_931483
852 _aES-MaACL
_jD-9120
_bR.33274
999 _c61180
_d61180